000 00456nam a2200181Ia 4500
008 151202s9999||||xx |||||||||||||| ||und||
082 _bPNVM-21101
100 _aभावे पु.भा.
245 _aकुभांड.
260 _b---
260 _c0
300 _a0
600 _aभावे पु.भा.
630 _aकुभांड.
700 _aभावे पु.भा.
730 _aकुभांड.
942 _cBOOK
999 _c1287078
_d1287075